000 00936nam2a22002411 4500
001 v19\rc\1311806
005 20060512110841.6
035 _a(NLR Aleph) 004468286
090 _a4550148
_c4550148
100 _a20060512d1900 |||y0rusy50 ca
101 0 _arus
102 _aRU
105 _ay z |||||
200 1 _aПредупреждение и лечение бесплодия и бессилия у мужчин и женщин (соответственно их природе, происхождению и видам)
210 _d1900
225 1 _aМочеполовые болезни
461 0 _1001v19\rc\1311802
_12001#$aМочеполовые и венерические болезни$eВып. 1$vВып. 4$90
700 1 _aГурин
_bЕ. Г.
_f1863-
_gЕвгений Георгиевич
801 0 _aRU
_bNLR
_gpsbo
801 1 _aRU
_bProSoft-M
_2rusmarc
852 _aNLR
_j20.101.3.329
942 _cBOOK
980 _aNB